ბათუმის შოთა რუსთაველის სახელმწიფო უნივერსიტეტის ბიბლიოთეკა

ფილების ღუნვის თეორია : (ბიბ.ჩანაწერი № 39228)

000 -ლიდერი
ფიქსირებული სიგრძის საკონტროლო ველი 00859nam a2200217Ia 4500
001 - საკონტროლო ნომერი
საკონტროლო ველი 5814
003 - საკონტროლო ნომრის იდენტიფიკატორი
საკონტროლო ველი GE_BSU
005 - ბოლო ოპერაციის თარიღი და დრო
საკონტროლო ველი 20190501105311.0
008 - ფიქსირებული სიგრძის მონაცემთა ელემენტები - ზოგადი ინფორმაცია
ფიქსირებული სიგრძის საკონტროლო ველი 181216s1976||||ge |||||||||||||| ||geo||
040 ## - კატალოგიზაციის წყარო
Transcribing agency GE_BSU
041 ## - ენის კოდი
Language code of text/sound track or separate title geo
080 ## - უნივერსალური ათობითი კლასიფიკაციის ინდექსი
Universal Decimal Classification number 624.072.2 მ-74
100 ## - მთავარი ჩანაწერი - პიროვნების სახელი
Personal name მიქელაძე, მ.
9 (RLIN) 563
245 ## - ცნობა სათაურის შესახებ
Title ფილების ღუნვის თეორია :
Remainder of title სახელმძღვ. /
Statement of responsibility, etc მ. მიქელაძე ; რედ. ვ.გოგსაძე.
264 ## - წარმოების, გამოცემის, დისტრიბუციის და სხვა ცნობები
გამოცემის, წარმოების, დისტრიბუციის... ადგილი თბილისი :
გამოცემის, წარმოების, დისტრიბუციის... სახელწოდება განათლება ;
გამოცემის, წარმოების, დისტრიბუციის... თარიღი 1976.
300 ## - ფიზიკური აღწერა
Extent 451 გვ. :
Other physical details ნახაზ. ;
Accompanying material 20 სმ.
504 ## - BIBLIOGRAPHY, ETC. NOTE
Bibliography, etc ბიბლიოგრ. : გვ.550.
653 ## - INDEX TERM--UNCONTROLLED
Uncontrolled term ფილების ღუნვის თეორია.
700 ## - ADDED ENTRY--PERSONAL NAME
Personal name გოგსაძე, ვ.
Relator term რედაქტორი
9 (RLIN) 496
942 ## - ADDED ENTRY ELEMENTS (KOHA)
Koha item type წიგნი
Source of classification or shelving scheme
ეგზემპლარები
ჩამოწერის სტატუსი დაკარგული ეგზემპლარის სტატუსი კლასიფიკაციის წყარო ან თაროზე გაწყობის სქემა დაზიანების სტატუსი არ გაიცემა მუდმივი მდებარეობა (დაცვის ადგილი) ამჟამინდელი ადგილსამყოფელი თაროზე განთავსების ადგილი შეძენის თარიღი ღირებულება, შესყიდვის ნორმალური ფასი სრული შენახვის შიფრი შტრიხკოდი ბოლო ოპერაციის თარიღი ეგზემპლარის მიმდევრობითი ნომერი (კეტერი?) ფასის ძალაში შესვლის თარიღი ეგზემპლარის სახეობა საჯარო შენიშვნა
          ბათუმის შოთა რუსთაველის სახელმწიფო უნივერსიტეტის მთავარი ბიბლიოთეკა ტექნოლოგიური ფაკულტეტის ბიბლიოთეკა წიგნსაცავი 2018-12-17 0.64 624.072.2 მ-74 11550 2018-12-17 11550 2018-12-17 წიგნი 0.64 ლ.
          ბათუმის შოთა რუსთაველის სახელმწიფო უნივერსიტეტის მთავარი ბიბლიოთეკა ტექნოლოგიური ფაკულტეტის ბიბლიოთეკა წიგნსაცავი 2018-12-17 0.64 624.072.2 მ-74 11551 2018-12-17 11551 2018-12-17 წიგნი 0.64 ლ.
          ბათუმის შოთა რუსთაველის სახელმწიფო უნივერსიტეტის მთავარი ბიბლიოთეკა ტექნოლოგიური ფაკულტეტის ბიბლიოთეკა წიგნსაცავი 2018-12-17 0.64 624.072.2 მ-74 11552 2018-12-17 115552 2018-12-17 წიგნი 0.64 ლ.